000 00583nam a2200193Ia 4500
005 20250326143549.0
008 250326s9999 xx 000 0 und d
020 _a0-86187-582-6
037 _aTextbook
040 _aFMSL
_beng
_cFMSL
041 _aeng
_2eng
084 _aX8(A)ogT4 M6
_qFMSL
100 _aStankiewicz R
_9748205
245 0 _aAcademics and enterpreneurs : developing university-industry relations
_cStankiewicz R
260 _aLondon
_bLondon, Frances Pinter
_c1986
300 _a155p
942 _cTB
_hX8(A)ogT4 M6
999 _c1300096
_d1300096